000 00629nam a22002297a 4500
003 UA-OsUOA
001 94614
007 ta
008 20130214b un ||||| |||| 00| 0 ukr d
100 _aАфиногенов А.
090 _a821.161.1
_bА94
942 _cBK
040 _aUA-OsUOA
_brus
_cUA-OsUOA
_dUA-OsUOA
245 _aДневники и записные книжки
300 _a550 с.
955 _a3
041 _arus
080 _a821.161.1
260 _aМ.
_bСоветский писатель
_c1960
650 7 _a82 Література. Літературознавство
_2UDC
999 _c380863
_d380863